Business as usual (Record no. 67181)

MARC details
000 -LEADER
fixed length control field 01707cam a2200301 4500
001 - CONTROL NUMBER
control field ABS64031
008 - FIXED-LENGTH DATA ELEMENTS--GENERAL INFORMATION
fixed length control field 000000n2001 000 0 eng u
035 ## - SYSTEM CONTROL NUMBER
System control number (Sirsi) u112860
100 ## - MAIN ENTRY--PERSONAL NAME
Personal name Holgate, D
245 ## - TITLE STATEMENT
Title Business as usual
260 ## - PUBLICATION, DISTRIBUTION, ETC.
Date of publication, distribution, etc. 2001
490 ## - SERIES STATEMENT
Series statement Estates Gazette
Volume/sequential designation (0120) 19 May 2001, 218-219(2)
520 ## - SUMMARY, ETC.
Summary, etc. Examines the HL ruling in the "Alconbury" case which found that the planning system does not contravene the European Convention on Human Rights, because the powers of the SoS Environment are essentially administrative not judicial. Discusses the case in some detail, with reference to the High Court's decision in "R v SoS Environment ex parte Holding & Barnes plc", the European view in "Bryan v United Kingdom", the jurisdiction of the SoS Environment, and the HL criticism of the High Court's reasoning in "Alconbury". Highlights the parties who are likely to benefit or lose out from the HL ruling, and concludes that the decision has failed to answer several fundamental points.
590 ## - LOCAL NOTE (RLIN)
Local note ABS
650 ## - SUBJECT ADDED ENTRY--TOPICAL TERM
Topical term or geographic name entry element PLANNING APPEALS
650 ## - SUBJECT ADDED ENTRY--TOPICAL TERM
Topical term or geographic name entry element PLANNING DECISIONS
650 ## - SUBJECT ADDED ENTRY--TOPICAL TERM
Topical term or geographic name entry element PLANNING PROCESS
650 ## - SUBJECT ADDED ENTRY--TOPICAL TERM
Topical term or geographic name entry element JURISDICTION
650 ## - SUBJECT ADDED ENTRY--TOPICAL TERM
Topical term or geographic name entry element PLANNING SYSTEM
650 ## - SUBJECT ADDED ENTRY--TOPICAL TERM
Topical term or geographic name entry element CONVENTION FOR THE PROTECTION OF HUMAN RIGHTS AND FUNDAMENTAL FREEDOMS ART 6
650 ## - SUBJECT ADDED ENTRY--TOPICAL TERM
Topical term or geographic name entry element R V SOS ENVIRONMENT EX P HOLDING AND BARNES PLC
650 ## - SUBJECT ADDED ENTRY--TOPICAL TERM
Topical term or geographic name entry element BYRAN V UNITED KINGDOM
650 ## - SUBJECT ADDED ENTRY--TOPICAL TERM
Topical term or geographic name entry element R V SOS ENVIRONMENT, TRANSPORT AND THE REGIONS EX P ALCONBURY DEVELOPMENTS
690 ## - LOCAL SUBJECT ADDED ENTRY--TOPICAL TERM (OCLC, RLIN)
Topical term or geographic name as entry element ENVIRONMENTAL AND LAND CONSULTANCY-PLANNING AND DEVELOPMENT
700 ## - ADDED ENTRY--PERSONAL NAME
Personal name Gilbey, I
856 ## - ELECTRONIC LOCATION AND ACCESS
Uniform Resource Identifier <a href="https://www.parliament.the-stationery-office.co.uk/pa/ld200001/ldjudgmt/jd010509/alcon-1.htm">https://www.parliament.the-stationery-office.co.uk/pa/ld200001/ldjudgmt/jd010509/alcon-1.htm</a>
942 ## - ADDED ENTRY ELEMENTS (KOHA)
Suppress in OPAC 0
Holdings
Withdrawn status Lost status Source of classification or shelving scheme Damaged status Not for loan Home library Current library Shelving location Date acquired Total Checkouts Full call number Barcode Date last seen Copy number Price effective from Koha item type
    Dewey Decimal Classification     London London Journal article 30/05/2001   ABS64031 112860-1001 06/08/2019 1 06/08/2019 Journal article